Methodological Aspects of Modeling of Economic Systems and Their Limitations

Vybrané aspekty a metodické prístupy v procese modelovania a simulácie ekonomických systémov. Obmedzenia, ktoré je potrebné vziať do úvahy v procese simulácie ekonomických systémov.

Salvato in:
Dettagli Bibliografici
Autore principale: Pinda, Ľudovít, 1958-
Altri autori: Mišota, Branislav
Natura: Capitolo di libro
Lingua:inglese
Soggetti:
Tags: Aggiungi Tag
Nessun Tag, puoi essere il primo ad aggiungerne!!

MARC

LEADER 00000nla a2200000 4500
001 0205700
005 20240502083516.1
041 0 |a eng 
044 |a RS 
245 1 0 |a Methodological Aspects of Modeling of Economic Systems and Their Limitations  |c Ľudovít Pinda, Branislav Mišota 
520 |a Vybrané aspekty a metodické prístupy v procese modelovania a simulácie ekonomických systémov. Obmedzenia, ktoré je potrebné vziať do úvahy v procese simulácie ekonomických systémov. 
610 2 0 |a modelovanie 
610 2 0 |a simulácia 
610 2 0 |a systémy ekonomické 
100 1 |a Pinda, Ľudovít, 1958- 
700 1 |a Mišota, Branislav